Alzheimer : (Record no. 196255)
[ view plain ]
| 000 -LEADER | |
|---|---|
| campo de control de longitud fija | 02162nam a2200289 i 4500 |
| 001 - NÚMERO DE CONTROL | |
| campo de control | 196255 |
| 003 - IDENTIFICADOR DE NÚMERO DE CONTROL | |
| campo de control | ES-MaACL |
| 005 - FECHA Y HORA DE LA ÚLTIMA TRANSACCIÓN | |
| campo de control | 20250710063403.0 |
| 008 - DATOS DE LONGITUD FIJA--INFORMACIÓN GENERAL | |
| campo de control de longitud fija | 240823b2018 sp ||||| |||| 00| 0 spa d |
| 020 ## - NÚMERO INTERNACIONAL ESTÁNDAR DEL LIBRO | |
| Número Internacional Estándar del Libro | 9786139836949 |
| 040 ## - FUENTE DE CATALOGACIÓN | |
| Centro catalogador/agencia de origen | ES-MaACL |
| Lengua de catalogación | spa |
| Centro/agencia transcriptor | ES-MaACL |
| 100 ## - ENTRADA PRINCIPAL--NOMBRE DE PERSONA | |
| 9 (RLIN) | 237636 |
| Nombre de persona | Bermejo Pareja, Félix |
| Término indicativo de función/relación | Autor |
| 245 ## - MENCIÓN DEL TÍTULO | |
| Título | Alzheimer : |
| Resto del título | Prevention from Childhood / |
| Mención de responsabilidad, etc. | Félix Bermejo-Pareja. |
| 260 ## - PUBLICACIÓN, DISTRIBUCIÓN, ETC. | |
| Lugar de publicación, distribución, etc. | Berlin ; |
| Nombre del editor, distribuidor, etc. | Lambert Academic Publishing , |
| Fecha de publicación, distribución, etc. | 2018. |
| 300 ## - DESCRIPCIÓN FÍSICA | |
| Extensión | 255 pág. : |
| Dimensiones | 22 cm. |
| 336 ## - TIPO DE CONTENIDO | |
| Fuente | rdacontent |
| Término de tipo de contenido | texto |
| 337 ## - TIPO DE MEDIO | |
| Fuente | rdamedia |
| Nombre/término del tipo de medio | sin mediación |
| 338 ## - TIPO DE SOPORTE | |
| Fuente | rdacarrier |
| Nombre/término del tipo de soporte | volumen |
| 520 ## - RESUMEN, ETC. | |
| Sumario, etc. | This book is an informative text on the prevention of Alzheimer’s disease, a personal and social need in a sickness without nowadays cures. It states that this prevention is possible because Alzheimer's manifests itself in old age, but it starts in the brain many decades before. Alzheimer's prevention must start from foetal life and brain development (1,000 first days of life) and continue throughout life with an adequate life style that includes cognitive and social stimulation, physical exercise and healthy diet. The theoretical and practical explanations on this prevention are made in simple language, reviewed by the Spanish scientific journalist Sonia Moreno. The text contains more than 350 footnotes with scientific information about the discourse of the colloquial text. The monograph presents numerous tables and figures, made by the creatives, Jorge Gibert and Jesús Navarro. The monograph ends with a glossary of the main biomedical terms used, bibliography and thematic index. This book has been published in Spanish in 2017 and its translation into English has been verified by Joe Healey and Felix Bermejo-Pareja. |
| 650 #4 - PUNTO DE ACCESO ADICIONAL DE MATERIA--TÉRMINO DE MATERIA | |
| 9 (RLIN) | 9747 |
| Término de materia o nombre geográfico como elemento de entrada | Alzheimer, Enfermedad de |
| 852 ## - LOCALIZACIÓN | |
| Ubicación | ES-MaACL |
| Sublocalización o colección | R.152371 |
| Ubicación en estantería | Depósito J |
| Número de control de estantería | N-9307 |
| Donativo/Legado | Donación: Editorial |
| Encuadernación | Encuadernación rústica |
| itemnumber | 205379 |
| 942 ## - ELEMENTOS DE ENTRADA SECUNDARIOS (KOHA) | |
| Tipo de ítem Koha | Libro impreso |
| Suprimir en OPAC | No |
| Estatus retirado | Estado de pérdida | Fuente del sistema de clasificación o colocación | Estado de daño | No para préstamo | Biblioteca de origen | Biblioteca actual | Ubicación en estantería | Fecha de adquisición | Fuente de adquisición | Total de préstamos | Signatura topográfica completa | Código de barras | Visto por última vez | Precio de reemplazo | Tipo de ítem Koha |
|---|---|---|---|---|---|---|---|---|---|---|---|---|---|---|---|
| Clasificación decimal universal | Biblioteca del Ateneo de Madrid | Biblioteca del Ateneo de Madrid | Depósito J | 10/05/2025 | Donación | N-9307 | 101230031 | 10/05/2025 | 10/05/2025 | Libro impreso |
